|
|
|
|
| LEADER |
01281cam a2200361Ia 4500 |
| 001 |
9780203497661 |
| 003 |
FlBoTFG |
| 005 |
20110119191319.0 |
| 006 |
a|||||s||||||||||| |
| 007 |
cr|||| |
| 008 |
110119s2004 nyu sb 001 0deng d |
| 020 |
|
|
|a 9780203497661 (e-book : PDF)
|
| 040 |
|
|
|a FlBoTFG
|c FlBoTFG
|d GrThAP
|
| 043 |
|
|
|a e------
|a ff-----
|a aw-----
|
| 090 |
|
|
|a PA6279.B33
|b B37 2004
|
| 092 |
|
|
|a 875.01
|b B234
|
| 100 |
1 |
|
|a Barber, Kimberly Anne,
|d 1956-
|
| 245 |
1 |
0 |
|a Rhetoric in Cicero's Pro Balbo
|h [electronic resource] /
|c Kimberly Anne Barber.
|
| 260 |
|
|
|a New York :
|b Routledge,
|c 2004.
|
| 300 |
|
|
|a xv, 147 p.
|
| 490 |
1 |
|
|a Studies in classics ;
|v v. 6
|
| 504 |
|
|
|a Includes bibliographical references (p. [129]-138) and index.
|
| 530 |
|
|
|a Also available in print edition.
|
| 538 |
|
|
|a Mode of access: World Wide Web.
|
| 600 |
1 |
0 |
|a Cicero, Marcus Tullius.
|t Pro Balbo.
|
| 600 |
1 |
0 |
|a Balbus, Lucius Cornelius.
|
| 650 |
|
0 |
|a Speeches, addresses, etc., Latin
|x History and criticism.
|
| 650 |
|
0 |
|a Rhetoric, Ancient.
|
| 655 |
|
7 |
|a Electronic books.
|2 lcsh
|
| 776 |
1 |
|
|z 9780415969956
|
| 776 |
1 |
|
|z 0415969956
|
| 830 |
|
0 |
|a Studies in classics (Routledge (Firm)) ;
|v v. 6.
|
| 856 |
4 |
0 |
|u http://www.tandfebooks.com/isbn/9780203497661
|z Full Text via HEAL-Link
|